LEADER 00899nam0-2200301---450- 001 990009203970403321 005 20100629113218.0 010 $a0820308684 035 $a000920397 035 $aFED01000920397 035 $a(Aleph)000920397FED01 035 $a000920397 100 $a20100629d1986----km-y0itay50------ba 101 0 $aeng 105 $a--------101yy 200 1 $aCurrent health policy issues and alternatives$ean applied social science perspective$fedited by Carole E. Hill 210 $aAthens, Georgia ; London$cUniversity of Georgia Press$d1986 215 $a212 p.$d23 cm 610 0 $aSalute 676 $a362.1042 702 1$aHill,$bCarole E. 801 0$aIT$bUNINA$gRICA$2UNIMARC 901 $aBK 912 $a990009203970403321 952 $aIG 18 G 25$b204$fDMIGI 959 $aDMIGI 996 $aCurrent health policy issues and alternatives$9774736 997 $aUNINA LEADER 01179nam0-2200397---450 001 990005602450203316 005 20200514183718.0 035 $a000560245 035 $aUSA01000560245 035 $a(ALEPH)000560245USA01 035 $a000560245 100 $a19981214d1994----|||y0itaa50------ba 101 $amul 102 $afr 105 $a0 00||| 200 1 $a<> Intellections$fAbélard$gtexte établi, traduit, introduit et commenté par Patrick Morin 210 $aParis$cVrin$d1994 215 $a170 p.$d22 cm 225 2 $aSic et non$ecollection dirigée par Alain de Libera 300 $aTesto latino a fronte. 410 0$12001$aSic et non 620 $dPARIS 676 $a189 700 1$aABAELARDUS,$bPetrus$f<1079-1142>$0156884 702 1$aMORIN,$bPatrick 801 0$aIT$bSA$c20111219 912 $a990005602450203316 950 0$aDipar.to di Filosofia - Salerno$dDFAA 189 ABA$e2747 FIL 951 $aAA 189 ABA$b2747 FIL 959 $aBK 969 $aFIL 979 $c20121027$lUSA01$h1525 979 $c20121027$lUSA01$h1614 979 $aANNAMARIA$b90$c20160225$lUSA01$h0955 996 $aIntellections$91133225 997 $aUNISA